Mennyiségi mutatók változásai a magyar tanítási nyelvű intézmények és diákjainak számában 1990-2001 között

Podrobná bibliografia
Hlavný autor: Gabzdilová, Soňa, 1953- (Autor)
Médium: Článok
Jazyk:maďarčina
Fyzický popis:Tab.
ISSN:1335-4361
Predmet:

MARC

LEADER 00000nab a2200000 a 4500
001 vtls000857313
003 SK-MaSNL
005 20260319075503.0
008 160405c2003 xo 0 hun
015 |a SNBRB2003/12-37022 
035 |a CLN000208967 
040 |a SNKBUCL  |b slo  |c SNKBUCL  |e AACR2 
041 0 |a hun 
044 |a xo  |c SK 
080 |a 371(437.6)(=511.141)"1990/2001"  |2 1997 
100 1 |a Gabzdilová, Soňa,  |d 1953-  |4 aut  |9 119973 
245 1 0 |a Mennyiségi mutatók változásai a magyar tanítási nyelvű intézmények és diákjainak számában 1990-2001 között  |c Soňa Gabzdílová [t.j. Gabzdilová] 
300 |b Tab. 
504 |a Bibliogr. odkazy 
650 0 7 |a školstvo národnostné maďarské  |z Slovensko  |y 1990-2001  |2 snkbucl  |9 875887 
650 0 7 |a Maďari  |z Slovensko  |x školstvo  |2 snkbucl  |9 460835 
655 7 |a články z novín a časopisov  |2 snkbucl  |9 267496 
773 0 |x 1335-4361  |t Fórum társadalomtudományi szemle  |g Roč. 5, č. 3 (2003), s. 41-48 
850 |a Slovenská národná knižnica v Martine 
852 |a SNK  |b KIS3GCP 
958 |a HU 
958 |a SK 
958 |a NB 
958 |a RBX 
999 |c 1396113  |d 1398043